[Event "72nd RUS-ch Higher League 2019"]
[Site "Yaroslavl"]
[Date "2019.07.05"]
[Round "8.3"]
[White "Sjugirov, Sanan"]
[Black "Sakaev, Konstantin"]
[Result "1/2-1/2"]
[WhiteElo "2667"]
[BlackElo "2584"]
[Annotator "TA"]
[PlyCount "71"]
[EventDate "2019.06.27"]
[EventType "swiss"]
[EventCountry "RUS"]
[SourceTitle "playchess.com"]
[Source "ChessBase"]
[SourceQuality "1"]

{[%evp 11,71,10,13,0,6,8,0,5,16,20,83,83,69,0,0,-17,-11,-16,0,-7,-16,-84,-78,-230,-233,-225,-211,-291,-315,-302,-296,-295,-302,-290,-297,-286,-231,-566,-557,-654,-301,-302,-291,-285,-274,-267,172,0,0,0,0,0,0,0,0,0,0,0,0,0,0,0]} 1. Nf3 d5 2. d4 Nf6 3. Bf4 c5 4. e3 Nc6 5. Nbd2 Bg4 6. c3 e6 7. Qa4 {D02: 1 d4 d5 2 Nf3 sidelines, including 2...Nf6 3 g3 and 2...Nf6 3 Bf4} Nd7 8. Ne5 Ndxe5 9. Bxe5 cxd4 10. Bb5 $146 ({Predecessor:} 10. Nb3 f6 11. Bxd4 Bf5 12. Bb5 e5 13. Bc5 Bd7 14. Bxf8 Rxf8 {1-0 (48) Naiditsch,A (2687)-Najer,E (2679) Doha 2016}) 10... dxe3 (10... f6 $11 11. Bxd4 Bf5) 11. Bxc6+ (11. Qxg4 exd2+ 12. Kxd2 Qb6 $17) 11... bxc6 12. Qxc6+ ({White should play} 12. fxe3 $14 f5 13. h3 (13. Qxc6+ Kf7 $14)) 12... Ke7 $11 13. fxe3 {Strongly threatening Qb7+.} f6 14. O-O Kf7 15. h3 Bf5 $36 {[%mdl 2048] Black has some pressure.} 16. g4 (16. e4 $11 {remains equal.} dxe4 17. Nc4) 16... Bd3 $1 $17 {[%cal Rd3f1]} 17. Nf3 $2 (17. Rf3 $17 {was worth a try.}) 17... Qe8 $1 $19 {[%cal Re8c6]} ({Not} 17... Bxf1 $2 18. Ng5+ $1 {[%mdl 512]} Kg6 19. Qxe6 $18) 18. Qb7+ Kg8 19. Rf2 fxe5 20. Nxe5 Bg6 $1 21. Raf1 Bd6 22. Nxg6 hxg6 23. Rf7 {[%csl Gb7][%cal Rf7g7]} Rh7 ({Less strong is} 23... Rxh3 24. Rxg7+ Kh8 25. Rff7 $17) 24. Rd7 $2 (24. b4 {is a better chance.}) 24... Rb8 25. Qc6 Bf8 (25... Be5 $142 26. Rf3 g5) 26. Rf3 g5 {And now ...g6 would win.} 27. Qc7 a5 ({Don't go for} 27... Rxb2 $2 28. Rd8 $1 $18 {[%mdl 512]}) 28. Rdf7 Rxb2 $4 {[%mdl 8192]} (28... Qb5 $19 {avoids the disaster. ...Rh6 is the strong threat.} 29. b3 Re8) 29. Rxf8+ $2 (29. Qd7 $1 $18 Rb1+ {[#]} 30. Kg2 $1 {[%mdl 512]} Rb2+ 31. Kf1 $1 {[%mdl 512]} Rb1+ 32. Ke2 $1 {[%mdl 512]}) 29... Qxf8 $11 {The position is equal.} 30. Rxf8+ Kxf8 $19 {[%mdl 4096] Endgame KQ-KRR} 31. Qd8+ Kf7 32. Qd7+ Kf6 33. Qd8+ Kf7 34. Qd7+ Kf6 35. Qd8+ Kf7 36. Qd7+ {Accuracy: White = 37%, Black = 56%.} 1/2-1/2

[Event "72nd RUS-ch Higher League 2019"]
[Site "Yaroslavl"]
[Date "2019.07.05"]
[Round "8.4"]
[White "Khismatullin, Denis"]
[Black "Dreev, Aleksey"]
[Result "0-1"]
[WhiteElo "2618"]
[BlackElo "2657"]
[Annotator "TA"]
[PlyCount "81"]
[EventDate "2019.06.27"]
[EventType "swiss"]
[EventCountry "RUS"]
[SourceTitle "playchess.com"]
[Source "ChessBase"]
[SourceQuality "1"]

{[%evp 9,81,9,16,30,21,14,20,8,10,10,1,12,16,0,0,0,-9,-9,0,-2,0,-2,0,-6,-11,-13,-8,-13,-7,-12,0,-11,-4,-3,0,-2,0,0,0,0,0,0,0,-8,-8,-8,-2,-4,0,0,0,-1,0,-114,-101,-121,-120,-236,-247,-314,-269,-270,-297,-790,-771,-783,-787,-756,-735,-811,-801,-924,-927,-773]} 1. e4 c5 2. Nf3 e6 3. g3 d5 4. exd5 exd5 5. d4 Nc6 6. Bg2 {B40: Sicilian: 2...e6, Unusual lines} Bg4 7. O-O cxd4 8. h3 {The position is equal.} Bxf3 9. Qxf3 Nf6 10. Bg5 {Threatens to win with Re1+.} Be7 11. Nd2 O-O 12. Bxf6 Bxf6 13. Qxd5 Qxd5 14. Bxd5 {[#]} Rac8 $146 ({Predecessor:} 14... Ne7 15. Be4 {½-½ (15) Hasangatin,R (2512)-Lintchevski,D (2566) Kazan 2016}) 15. a3 Na5 16. Rac1 Rfd8 17. Be4 d3 18. c3 b5 19. Rfd1 g6 20. Rb1 Rc7 21. Bg2 Kg7 22. Bf1 Rcd7 23. a4 a6 24. Ra1 {aiming for axb5.} Nc4 25. Ra2 Re7 26. Nf3 bxa4 {Threatening ...Rb7.} 27. Nd2 $1 {[%cal Rd2c4]} Nb6 28. Nf3 Nc4 29. Nd2 $1 {[%cal Rd2c4]} Nb6 $36 {[%mdl 2048] Black has the initiative.} 30. Nf3 Rb8 31. Rxd3 (31. Ne1 $11) 31... Nc4 $17 32. Nd4 Re1 ({Don't take} 32... Rxb2 33. Rxa4 Nd2 34. Kg2 $15) ({Much weaker is} 32... Nxb2 $6 33. Rd2 $11) 33. Nc2 {[#]} (33. Nf3 $17 Rc1 34. Kg2) 33... Rc1 $1 $19 {[%cal Rc1c2]} 34. Nb4 Re8 35. Kg2 Ree1 36. Rd1 $2 {[#]} (36. Rd4 Nxb2 37. Bxa6) 36... Ne3+ $1 {[%mdl 512] Black is clearly winning.} 37. fxe3 Rcxd1 38. Bc4 Rxe3 39. Kf2 Bg5 {White must now prevent ...Rd2+.} 40. h4 Rd2+ 41. Kf1 {Accuracy: White = 60%, Black = 84%.} 0-1

[Event "72nd RUS-ch Higher League 2019"]
[Site "Yaroslavl"]
[Date "2019.07.05"]
[Round "8.5"]
[White "Motylev, Alexander"]
[Black "Kokarev, Dmitry"]
[Result "1-0"]
[WhiteElo "2654"]
[BlackElo "2609"]
[Annotator "TA"]
[PlyCount "69"]
[EventDate "2019.06.27"]
[EventType "swiss"]
[EventCountry "RUS"]
[SourceTitle "playchess.com"]
[Source "ChessBase"]
[SourceQuality "1"]

{[%evp 11,69,0,-3,-29,-48,-52,-9,-12,-10,-14,-12,-14,-4,-22,0,-44,-53,-65,0,0,0,0,0,0,125,127,133,118,118,109,118,121,120,101,166,183,134,95,95,95,88,95,95,80,370,347,392,354,292,292,492,247,490,487,485,471,438,409,614,552]} 1. e4 c5 2. Nf3 d6 3. d4 cxd4 4. Nxd4 Nf6 5. Nc3 a6 6. Rg1 b5 {[%cal Bb7b5,Bb5b4][%mdl 32]} 7. a4 {B90: Sicilian Najdorf: Unusual White 6th moves, 6 Be3 Ng4 and 6 Be3 e5} (7. g4 Bb7 8. Bg2 e5 9. Nf5 b4 10. Nd5 Nxd5 11. exd5 g6 12. Ng3 Nd7 13. a3 a5 14. Be3 Be7 {1-0 (33) Pridorozhni,A (2579)-Oganian,M (2450) Sochi 2016}) 7... b4 8. Nd5 e6 $146 ({Predecessor:} 8... Bb7 9. Nxf6+ exf6 10. Qe2 Qe7 11. Bf4 Qxe4 12. Qxe4+ Bxe4 13. O-O-O g5 14. Re1 d5 15. Bxb8 {1-0 (48) Radvanyi,T (2133)-Salanki,E (2309) Hungary 2000}) 9. Nxf6+ {The position is equal.} Qxf6 10. Be3 Bb7 11. Qd2 Bxe4 12. f3 Bd5 13. Bg5 (13. O-O-O $5 {[%cal Re3g5]} Be7 14. f4 $11 (14. Qxb4 Nd7 $15)) 13... Qe5+ {[%mdl 64] Double Attack} 14. Kf2 {Black must now prevent f4.} Nc6 ({Not} 14... Qxh2 $2 15. Rh1 $1 $18 {[%mdl 512]}) (14... Be7 $15 15. Bxe7 Kxe7) 15. c3 $1 $11 bxc3 16. bxc3 Be7 17. h4 $1 g6 {[#]} (17... Bxg5 $11 18. hxg5 g6) 18. Re1 $1 $16 {[%cal Re1e5]} Qg7 19. Bc4 $1 {[%cal Rc4d5]} Bxg5 20. hxg5 Bxc4 21. Nxc6 O-O 22. Qxd6 f6 {[#]} (22... f5 $16 {was called for.}) 23. Rh1 $1 $18 {[%cal Rh1h4] Rh4 is the strong threat.} Rae8 24. gxf6 Qxf6 25. Ne5 {aiming for Qc7!} Rc8 26. Nxc4 Rxc4 27. Rxe6 $40 {[%mdl 128] White attacks with force.} Qxc3 $4 {[%mdl 8192]} (27... Qf5 $16) 28. Re7 Qd4+ 29. Qxd4 Rxd4 30. Rhxh7 {[%csl Gh7][%cal Re7g7] KRR-KRR} Rf6 $2 (30... Rfd8 {is a better defense.} 31. Reg7+ Kf8) 31. Reg7+ Kf8 32. Ra7 {[%cal Rh7h8]} Kg8 33. Rhg7+ Kf8 34. Rgc7 {Rc8+ would kill now.} Ke8 (34... Rd8 $142 35. Rcb7 g5) 35. Rh7 {Accuracy: White = 84%, Black = 37%.} 1-0

[Event "72nd RUS-ch Higher League 2019"]
[Site "Yaroslavl"]
[Date "2019.07.05"]
[Round "8.6"]
[White "Chigaev, Maksim"]
[Black "Grachev, Boris"]
[Result "1/2-1/2"]
[WhiteElo "2640"]
[BlackElo "2621"]
[Annotator "TA"]
[PlyCount "156"]
[EventDate "2019.06.27"]
[EventType "swiss"]
[EventCountry "RUS"]
[SourceTitle "playchess.com"]
[Source "ChessBase"]
[SourceQuality "1"]

{[%evp 9,156,44,36,0,0,0,0,-7,0,-41,-38,-27,-31,-51,0,0,1,-7,75,53,46,14,6,5,27,27,33,41,55,41,52,55,57,56,55,40,42,47,53,42,45,35,36,0,47,35,66,47,59,46,82,52,77,31,172,83,104,67,61,0,87,0,79,69,93,6,2,0,22,24,27,27,28,42,42,50,50,50,59,59,60,22,22,22,22,22,22,22,332,332,591,332,325,317,314,316,212,0,203,187,322,314,285,242,342,8,8,8,8,8,22,8,8,0,22,22,56,56,56,8,8,8,8,8,8,8,8,0,0,0,0,0,0,0,0,0,8,0,0,0,0,0,0,0,0,0,0,0,0]} 1. e4 c5 2. Nf3 Nc6 3. Bb5 e5 4. O-O Bd6 5. c3 a6 6. Bd3 {B30: Sicilian: 2...Nc6 3 Bb5, lines without ...g6} (6. Ba4 b5 7. Bc2 Nge7 8. d4 cxd4 9. cxd4 exd4 10. Nxd4 Nxd4 11. Qxd4 Qc7 {1-0 (29) Jones,G (2702)-Vidit,S (2707) Hengshui 2019}) 6... Nge7 $146 ({Predecessor:} 6... Nf6 7. Bc2 O-O 8. h3 Bc7 9. d4 d6 10. dxc5 dxc5 11. Be3 b6 {½-½ (42) Baltic,F (2190)-Rotstein,J (2316) Niederkassel 2016}) 7. Bc2 O-O 8. d3 Bc7 9. Nbd2 d5 10. exd5 Nxd5 11. Re1 Bf5 (11... h6 $15) 12. Ne4 $11 b6 13. h3 Nf4 (13... f6 $11) 14. Bxf4 $1 $16 exf4 15. a3 Ne5 16. d4 cxd4 17. Nxd4 Bg6 18. Nd2 Re8 19. N2f3 Qf6 20. Bxg6 hxg6 21. Nxe5 Rxe5 22. Nf3 Rxe1+ 23. Qxe1 b5 24. Rd1 Rd8 25. Rxd8+ Qxd8 26. Qe4 g5 27. Kf1 g6 28. Ke2 Bb6 29. Qe5 f6 {[#]} 30. Qe6+ $1 Kg7 31. Ne1 Bc5 (31... a5 $14) 32. Nd3 (32. Qxa6 $18 {has better winning chances.} Qe7+ 33. Kf1) 32... Bd6 33. Nc1 Bc5 34. Nd3 (34. b4 $5 {[%cal Rb4c5]} Ba7 35. Nb3 $11) 34... Bd6 $1 35. Ne1 (35. Kd2 $16) 35... a5 (35... Bc5 $1 $11 {keeps the balance.}) 36. Nd3 Bf8 37. Qe4 (37. Qc6 $16) 37... Qd7 $11 38. f3 f5 39. Qd4+ Qxd4 40. cxd4 {[%mdl 4096] Endgame KB-KN} Kf6 41. Ne5 Ke6 42. Nxg6 Bd6 43. Kd3 a4 44. Kc3 $1 Kd5 45. h4 (45. Ne5 $5) 45... gxh4 46. Nxh4 Ke6 47. Ng6 Kd5 48. Ne5 Be7 $2 {[%mdl 8192]} (48... Bc7 $1 $11 {and Black stays safe.}) 49. Nd3 $18 Bd6 $2 (49... Bg5 50. Nb4+ Kd6) 50. Nc1 Be7 51. Ne2 Bd6 52. Kd3 Kc6 53. Kc3 $2 (53. Kc2 $18) 53... Kb6 $2 (53... Kd5 $11) 54. Nc1 Kc6 {[#]} (54... Bc7 $142 55. Nd3 Kc6) 55. Na2 $1 {[%cal Ra2b4]} Bc7 56. b3 Bd6 (56... axb3 $142 57. Kxb3 Bb6) 57. Nb4+ $2 (57. bxa4 $18 bxa4 58. Kc4) 57... Kb6 $1 $11 58. bxa4 bxa4 59. Kc4 Bf8 60. Nc2 Kc6 61. Nb4+ Kb6 $1 62. Nd5+ Ka5 63. Nxf4 Bxa3 64. Nd3 Be7 {The position is equal.} 65. g4 fxg4 66. fxg4 Kb6 67. Nb4 Bg5 68. Nc2 Kc6 69. Nb4+ Kd6 70. Na2 a3 71. Nc3 Bc1 72. Kb3 Be3 73. Kxa3 Bxd4 74. Nb5+ Kd5 75. Nxd4 Kxd4 76. g5 {White threatens g6 and mate.} Ke5 77. g6 {Threatening mate with g7.} Kf6 78. g7 Kxg7 {Accuracy: White = 50%, Black = 45%.} 1/2-1/2

[Event "72nd RUS-ch Higher League 2019"]
[Site "Yaroslavl"]
[Date "2019.07.05"]
[Round "8.7"]
[White "Pridorozhni, Aleksei"]
[Black "Rakhmanov, Aleksandr"]
[Result "1/2-1/2"]
[WhiteElo "2588"]
[BlackElo "2615"]
[Annotator "RC"]
[PlyCount "64"]
[EventDate "2019.06.27"]
[EventType "swiss"]
[EventCountry "RUS"]
[SourceTitle "playchess.com"]
[Source "ChessBase"]
[SourceQuality "1"]
[TimeControl "40/5400+30:1800+30"]

1. e4 {[%emt 0:00:07]} e5 {[%emt 0:00:00]} 2. Nf3 {[%emt 0:00:13]} Nf6 {[%emt 0:00:00]} 3. d4 {[%emt 0:00:56]} Nxe4 {[%emt 0:00:13]} 4. dxe5 {[%emt 0:00:11]} d5 {[%emt 0:00:22]} 5. Nbd2 {[%emt 0:01:46]} Nxd2 {[%emt 0:00:41]} 6. Bxd2 {[%emt 0:00:16]} c5 {[%emt 0:03:31]} 7. c4 {[%emt 0:04:04]} Nc6 {[%emt 0:03:20]} 8. Bg5 {[%emt 0:05:50]} Qa5+ {[%emt 0:03:31]} 9. Bd2 {[%emt 0:00:17]} Qd8 {[%emt 0:00:38]} 10. Bg5 {[%emt 0:13:31]} Be7 {[%emt 0:14:15]} 11. h4 {[%emt 0:17:32]} h6 {[%emt 0:06:55]} 12. cxd5 {[%emt 0:16:07]} hxg5 {[%emt 0:04:15]} 13. dxc6 {[%emt 0:00:07]} Qxd1+ {[%emt 0:08:18]} 14. Rxd1 {[%emt 0:00:16]} bxc6 {[%emt 0:01:16]} 15. h5 {[%emt 0:00:23]} Be6 {[%emt 0:08:47]} 16. b3 {[%emt 0:02:04]} Bd5 {[%emt 0:08:24]} 17. Bc4 {[%emt 0:02:11]} g4 {[%emt 0:03:56]} 18. Bxd5 {[%emt 0:01:21]} cxd5 {[%emt 0:00:04]} 19. Ng1 {[%emt 0:00:14]} d4 {[%emt 0:07:35]} 20. f3 {[%emt 0:03:21]} gxf3 {[%emt 0:01:01]} 21. Nxf3 {[%emt 0:00:08]} a5 {[%emt 0:00:24]} 22. a4 {[%emt 0:06:03]} Ra6 {[%emt 0:03:28]} 23. g4 {[%emt 0:03:13]} g6 {[%emt 0:07:29]} 24. Kd2 {[%emt 0:04:15]} gxh5 {[%emt 0:01:39]} 25. Rxh5 {[%emt 0:00:17]} Rg8 {[%emt 0:00:14]} 26. g5 {[%emt 0:00:21]} Rag6 {[%emt 0:01:04]} 27. Rg1 {[%emt 0:02:34]} Kd7 {[%emt 0:00:45]} 28. Kd3 {[%emt 0:00:14]} Rb8 {[%emt 0:00:47]} 29. Nd2 {[%emt 0:00:33]} Rbg8 {[%emt 0:01:11]} 30. Nf3 {[%emt 0:01:57]} Rb8 {[%emt 0:00:05]} 31. Nd2 {[%emt 0:00:08]} Rbg8 {[%emt 0:00:04]} 32. Nf3 {[%emt 0:00:53]} Rb8 1/2-1/2

[Event "72nd RUS-ch Higher League 2019"]
[Site "Yaroslavl"]
[Date "2019.07.05"]
[Round "8.8"]
[White "Ponkratov, Pavel"]
[Black "Esipenko, Andrey"]
[Result "1/2-1/2"]
[WhiteElo "2649"]
[BlackElo "2611"]
[Annotator "TA"]
[PlyCount "120"]
[EventDate "2019.06.27"]
[EventType "swiss"]
[EventCountry "RUS"]
[SourceTitle "playchess.com"]
[Source "ChessBase"]
[SourceQuality "1"]

{[%evp 10,120,22,18,22,6,2,3,15,15,14,14,14,23,30,18,32,16,20,10,23,0,21,18,24,20,23,-670,11,11,13,0,0,0,20,19,20,20,40,30,31,38,35,28,29,24,59,25,26,25,26,33,31,25,33,22,28,8,8,13,120,145,141,89,135,133,443,441,388,375,337,280,220,120,120,113,113,113,102,48,48,48,48,48,48,48,49,49,49,49,102,0,0,0,0,0,0,0,0,0,0,0,0,0,0,0,0,0,0,0,0,0,0]} 1. c4 Nf6 2. Nc3 e6 3. e4 d5 4. cxd5 exd5 5. e5 Ne4 6. Nf3 Bf5 {A18: English Opening: Flohr-Mikenas System (1 c4 Nf6 2 Nc3 e6 3 e4)} 7. a3 Be7 8. d4 Nxc3 $146 ({Predecessor:} 8... c5 9. Bd3 Nc6 10. dxc5 Bxc5 11. O-O O-O 12. Qc2 Nd4 13. Nxd4 Bxd4 14. Nxe4 dxe4 15. Bxe4 {½-½ (41) Eljanov,P (2720)-Wojtaszek,R (2737) Germany 2017}) 9. bxc3 c5 10. Bd3 Bxd3 11. Qxd3 O-O 12. O-O Nd7 13. Be3 cxd4 14. cxd4 Nb6 15. Nd2 Qd7 16. f4 f5 17. Rfb1 Rac8 18. Qb5 $2 {[%mdl 8192] [#]} (18. Nf1 $11) 18... Rc6 $2 (18... Rc1+ $1 $19 {[%mdl 512]} 19. Rxc1 Qxb5) 19. a4 $11 Rb8 20. Ra2 a6 21. Qb3 Nc4 22. Nxc4 Rxc4 23. a5 Qc6 24. Qb6 Bd8 25. Qxc6 Rxc6 26. Kf2 Kf7 27. Ke2 Ke6 28. Kd3 b5 29. axb6 $1 Rbxb6 30. Rxb6 Rxb6 {[%mdl 4096] Endgame KRB-KRB} 31. Bd2 a5 {[%cal Ba6a5,Ba5a4][%mdl 32]} 32. Bc3 Ra6 33. Kc2 a4 34. Bb4 Be7 (34... g5 $11 {remains equal.}) 35. Bxe7 $16 Kxe7 {KR-KR} 36. Kb2 $1 Rh6 37. Ka3 Rxh2 $2 {[%mdl 8192]} (37... Rc6 $16 {is a better chance.}) 38. Kxa4 $18 Rh1 39. Kb5 Rc1 40. Ra7+ Ke6 41. Rxg7 (41. Ra6+ $1 $18 Ke7 42. Ra7+ Ke6 43. Rxg7) 41... Rb1+ $16 42. Kc5 {aiming for Rg5.} Rc1+ {[#]} 43. Kb6 $1 {Rg5 is the strong threat.} Rc4 {[#]} 44. g3 ({Much weaker is} 44. Rxh7 $6 Rb4+ 45. Ka5 Ra4+ 46. Kb5 Rb4+ 47. Ka5 Rb5+ 48. Ka6 Rb6+ 49. Ka5 Rb5+ 50. Ka4 Rb4+ 51. Ka5 $11) (44. g4 $1 $16 Rb4+ 45. Kc7 Rxd4 46. gxf5+ Kxf5 47. Rf7+ (47. Rxh7 Rxf4 48. Kd6 Ra4 $11) 47... Ke6 48. Rf6+ Ke7 49. Kc6) 44... Rxd4 $14 45. Rxh7 {Hoping for Rh6+.} Rb4+ 46. Kc5 Rc4+ 47. Kb5 Rc8 48. Rh6+ Ke7 49. Rd6 Rc3 50. g4 (50. Rg6 $16) 50... fxg4 $11 {The position is equal.} 51. f5 {Strongly threatening f6+.} Rc8 52. f6+ Kf7 53. Rd7+ Kg6 $1 54. Rxd5 g3 55. Rd3 Kf5 56. Rxg3 {Threatens to win with Re3.} Kxe5 57. f7 {White threatens Rg8 and mate.} Rf8 58. Rf3 Ke6 59. Kc6 Rxf7 60. Rxf7 Kxf7 {Accuracy: White = 53%, Black = 59%.} 1/2-1/2

[Event "72nd RUS-ch Higher League 2019"]
[Site "Yaroslavl"]
[Date "2019.07.05"]
[Round "8.9"]
[White "Paravyan, David"]
[Black "Alekseev, Evgeny"]
[Result "1/2-1/2"]
[WhiteElo "2605"]
[BlackElo "2645"]
[Annotator "TA"]
[PlyCount "115"]
[EventDate "2019.06.27"]
[EventType "swiss"]
[EventCountry "RUS"]
[SourceTitle "playchess.com"]
[Source "ChessBase"]
[SourceQuality "1"]

{[%evp 14,115,39,38,39,37,30,0,0,0,0,0,0,0,0,0,24,19,8,22,26,31,8,0,0,0,-16,-62,0,0,0,0,0,0,0,0,0,0,0,0,0,0,0,0,0,0,0,0,0,0,0,0,0,-54,-22,-39,-10,-45,-29,-45,-45,-88,15,0,67,54,169,184,179,178,179,172,179,171,172,151,174,164,182,41,15,8,145,121,114,82,77,77,76,91,70,74,113,8,8,8,8,8,8,0,0,0,0,-7]} 1. e4 c5 2. Nf3 e6 3. d4 cxd4 4. Nxd4 Nc6 5. Nc3 a6 6. Be3 Nf6 7. a3 Qc7 8. f4 d5 {B48: Sicilian: Taimanov: 5 Nc3 Qc7 6 Be3 a6 without Be2} (8... d6 9. Qf3 Be7 10. Nxc6 bxc6 11. g4 Rb8 12. g5 Nd7 13. b3 d5 14. Bg2 h6 15. h4 hxg5 16. hxg5 Rxh1+ 17. Bxh1 Qa5 {1-0 (42) Sjugirov,S (2663)-Morozevich,A (2656) Khanty-Mansiysk 2018}) 9. e5 Nd7 10. h4 $146 ({Predecessor:} 10. Qd2 Na5 11. Bd3 Nc4 12. Bxc4 Qxc4 13. Nce2 Qc7 14. O-O g6 15. Nc1 b6 16. Nd3 Bb7 17. a4 Nc5 18. a5 Ne4 19. Qe1 Bc5 20. axb6 {½-½ (20) Riff,J (2508)-Krejci,J (2551) Germany 2017}) 10... Bc5 11. Qd2 Nxd4 12. Bxd4 b5 13. h5 O-O 14. Bxc5 Qxc5 15. h6 g6 $1 16. Ne2 f6 17. Nd4 Qb6 18. O-O-O fxe5 19. fxe5 Nxe5 20. Qg5 Qd6 (20... Qc7 $1 $15 21. Qg3 {[#]} Rf3 $1 {[%mdl 512]}) 21. Re1 $11 Nc4 22. Bxc4 bxc4 23. c3 Bd7 24. Re2 Rae8 25. Rhe1 a5 26. g3 Rf7 27. Kb1 Qe7 28. Qe5 {[%cal Rd4e6]} Qf8 29. Rh1 Qe7 30. Rhe1 {[%cal Rd4e6]} Qf8 31. Qg5 Qe7 32. Qd2 e5 33. Nc2 (33. Rxe5 $11 Qxe5 34. Rxe5 Rxe5 35. Qd1) 33... Bc6 34. Ne3 Qe6 35. Ka1 Ref8 36. Nc2 e4 37. Qd4 g5 (37... Qe7 $17) 38. Ne3 Qf6 (38... Qxh6 $11 39. g4 a4) 39. Qc5 $14 Qxh6 ({Black should try} 39... Rd8 $14) 40. Nxd5 $18 Qe6 41. Ne3 h6 42. Rd2 {[#] Black must now prevent Rd6.} Rd7 43. Rxd7 Bxd7 44. Qxa5 Rf7 45. Qc5 Qc6 46. Qxc4 (46. Qd4 $18) 46... Qxc4 $14 47. Nxc4 $18 {[%mdl 4096] Endgame Threatens to win with Ne5. KRB-KRN} Re7 (47... Rf3 $11) 48. Ne3 $16 h5 49. Rh1 Rh7 50. b4 h4 51. gxh4 gxh4 52. c4 Kf7 53. b5 (53. Kb2 $16) 53... Ke6 $11 {The position is equal.} 54. a4 Kd6 55. a5 Kc5 56. b6 {aiming for b7.} Bc8 57. Kb2 h3 58. Kc3 {Accuracy: White = 62%, Black = 56%.} 1/2-1/2

[Event "72nd RUS-ch Higher League 2019"]
[Site "Yaroslavl"]
[Date "2019.07.05"]
[Round "8.10"]
[White "Zvjaginsev, Vadim"]
[Black "Rozum, Ivan"]
[Result "1/2-1/2"]
[WhiteElo "2644"]
[BlackElo "2572"]
[Annotator "TA"]
[PlyCount "174"]
[EventDate "2019.06.27"]
[EventType "swiss"]
[EventCountry "RUS"]
[SourceTitle "playchess.com"]
[Source "ChessBase"]
[SourceQuality "1"]

{[%evp 9,174,-18,-7,-5,-9,-9,-6,-6,-15,-17,13,0,0,0,0,0,0,0,0,0,0,0,0,0,0,-24,-17,-21,0,0,0,0,0,0,7,5,2,0,0,0,0,-12,0,-21,0,-6,0,0,0,0,0,-10,9,0,43,35,151,149,159,49,100,19,32,27,29,39,30,0,0,0,17,0,8,8,38,33,37,35,69,69,54,70,70,70,66,66,66,66,66,66,193,186,248,60,46,39,61,35,34,10,12,8,77,77,136,90,214,26,26,0,8,8,8,8,8,8,8,8,8,8,8,8,8,0,0,0,0,0,0,0,0,0,0,0,0,0,0,0,0,0,0,0,0,0,0,0,0,0,0,0,0,0,0,0,0,0,0,0,0,0,0,0,0,0,0,0,0]} 1. g3 d5 2. Bg2 e5 3. d3 Nf6 4. Nf3 Bd6 5. c4 c6 6. cxd5 {A00: Irregular Openings} cxd5 7. O-O h6 (7... O-O 8. Nc3 Nc6 9. Bg5 Be6 10. Nd2 Be7 11. Rc1 h6 12. Bxf6 Bxf6 {½-½ (47) Bartel,M (2641)-Riazantsev,A (2671) Tallinn 2016}) 8. d4 e4 9. Ne5 Nbd7 $146 ({Predecessor:} 9... O-O 10. Nc3 Qb6 11. Na4 Qa6 12. Bf4 Re8 13. Rc1 Nbd7 {1-0 (27) Grimm,W-Schulz,H DESC email 2003}) 10. f4 exf3 11. exf3 O-O 12. Bf4 Qb6 13. Nxd7 Bxd7 14. Bxd6 Qxd6 15. Nc3 {[%cal Bb1c3,Bc3d1,Bd1e3][%mdl 32]} b5 16. Qd2 b4 17. Nd1 Rfc8 18. Ne3 Rc7 19. Rac1 Rac8 20. Rxc7 Rxc7 21. Rc1 a5 22. Bf1 Ne8 23. Re1 Nf6 24. Bd3 Qb6 25. Bb1 Rc8 26. g4 Qd6 27. Kg2 g6 28. Nf1 Kg7 29. Ng3 Nh7 30. h4 Nf8 31. h5 Ne6 32. Re5 Re8 (32... Rf8 $14) 33. hxg6 $16 fxg6 34. f4 (34. Bxg6 $16 Kxg6 35. Nf5) 34... Qb6 {[#]} (34... Nd8 $14) 35. Bxg6 $1 {[%mdl 512]} Kxg6 $11 36. f5+ {[%mdl 64] Double Attack} Kh7 $1 37. fxe6 Rxe6 38. Rh5 Rg6 39. g5 $1 Qd6 40. Qe3 Qe6 41. Qf4 Kg7 42. gxh6+ Kh7 43. Re5 Qh3+ 44. Kf3 $1 {White threatens Re7+ and mate.} Bg4+ 45. Ke3 {Threatening mate with Re7+.} Be6 46. Rg5 Qxh6 47. Rxg6 $1 Qxg6 48. Qh4+ $1 Kg8 $1 49. Kf4 $1 Qe8 ({Black should play} 49... a4 $14) 50. Qg5+ $18 Kf7 {[#]} (50... Kf8 {was necessary.} 51. Nf5 Qb8+ 52. Kf3 Bxf5 53. Qxf5+ {[%mdl 64] Double Attack} Kg7) 51. Nf5 $2 (51. Qh5+ $1 $18 Kf8 52. Qh8+ Bg8 53. Nf5 (53. Qh6+ Kf7 $16)) 51... Qb8+ $14 52. Ke3 {White wants to mate with Qg7+.} Qf8 53. Qf4 Qd8 54. Nd6+ {[%mdl 64] Discovered Attack (Double check)} Kg6 55. Qe5 Bg8 (55... Qd7 $11 {keeps the balance.}) 56. Qg3+ $16 Kh5 57. Nf5 Qe8+ {[#]} (57... Bh7 $16 58. Ng7+ Kh6) 58. Kd2 $2 (58. Qe5 $1 $18 {Ng7+! would kill now.} Qf8 59. Qh2+ Kg6 60. Qg3+ Kh5 61. Qh4+ Kg6 62. Ne7+ Kf7 63. Nxd5) 58... Qe4 $11 59. Qf2 (59. Qe5 $5 {[%cal Rf5g3]} Qg2+ 60. Qe2+ Qxe2+ 61. Kxe2 $14) 59... Kg5 {The position is equal.} 60. Nd6 Qf4+ 61. Qe3 Kg4 62. Nb7 a4 63. Nc5 Qh2+ 64. Qe2+ Qxe2+ 65. Kxe2 {[%mdl 4096] Endgame KB-KN} Kf4 66. a3 bxa3 67. bxa3 {Strongly threatening Kd2.} Bf7 $1 68. Kd3 Be8 69. Ne6+ Kf3 70. Kc3 Ke3 71. Nc7 Bc6 72. Na6 Ke4 73. Nc5+ Ke3 74. Nd3 Ke4 75. Ne5 Be8 76. Ng4 {Hoping for Nf6+.} Bc6 77. Nf2+ Ke3 78. Nd3 Ke4 79. Ne5 Be8 80. Ng4 {aiming for Nf6+.} Bc6 81. Nf6+ Ke3 82. Ng8 Ke4 83. Ne7 Be8 84. Nc8 {Threatens to win with Nd6+.} Ke3 85. Nd6 Bc6 86. Nf5+ Ke4 87. Ng3+ Ke3 {Accuracy: White = 60%, Black = 54%.} 1/2-1/2